Na potraviny nedošiel čas

Dôvera v nakupovanie cez internet je na Slovensku stále nízka. Predaj potravín cez internet bude reálny, avšak čas na to ešte nedozrel a zložitejšie je to aj s technickým zabezpečením tohto predaja. Kamenné predajne a online obchod. Najväčšie motivátory a čo nás odrádza od nákupu cez internet. Špeci...

Descripción completa

Guardado en:
Detalles Bibliográficos
Autor principal: Košťál, Daniel
Formato: Capítulo de libro
Lenguaje:eslovaco
Materias:
Etiquetas: Agregar Etiqueta
Sin Etiquetas, Sea el primero en etiquetar este registro!

MARC

LEADER 00000naa$a2200000$$$4500
001 0051399
005 20231107130512.5
041 0 |a slo 
044 |a SK 
245 1 0 |a Na potraviny nedošiel čas  |c Daniel Košťál 
520 |a Dôvera v nakupovanie cez internet je na Slovensku stále nízka. Predaj potravín cez internet bude reálny, avšak čas na to ešte nedozrel a zložitejšie je to aj s technickým zabezpečením tohto predaja. Kamenné predajne a online obchod. Najväčšie motivátory a čo nás odrádza od nákupu cez internet. Špecifická logistika. 
610 2 0 |a obchod elektronický 
610 2 0 |a potraviny 
610 2 0 |a Slovensko 
100 1 |a Košťál, Daniel